000 00824nab a2200253 u 4500
001 14812
003 HDC
007 cr bn ---aaaaa
008 210216c my dr|nes 0 |0may
040 _aHDC
100 _aNORFAISAL JAHURI,
_eauthor
_915240
245 0 _aLogo halal 'pork-free' /
_cby NORFAISAL JAHURI
260 _a[no place] :
_b[publisher not identified],
_c[no year]
336 _atext
_2rdacontent
337 _acomputer
_2rdamedia
338 _aonline resource
_2rdacarrier
650 _aHalal certificate
_9482
650 _aRestaurant
_99782
710 _aMY METRO
856 _zRequest full-text at [email protected]
942 _2lcc
942 _cNEWS
942 _kNWSO 004545
999 _c12128
_d12128